Houston Rockets: Retired Numbers - Statistics

General Stats
  • This quiz has been taken 173 times
  • The average score is 5 of 7
Answer Stats
Number Player % Correct
34 Hakeem Olajuwon
99%
22 Clyde Drexler
90%
11 Yao Ming
77%
45 Rudy Tomjanovich
63%
23 Calvin Murphy
58%
24 Moses Malone
58%
CD Carroll Dawson
10%
No matching quizzes found
Score Distribution
Percent of People with Each Score
Percentile by Number Answered
Your Score History
You have not taken this quiz